书目信息 |
| 题名: |
管理学
|
|
| 作者: | 宋玉可 , 吴珊瑚 主编 | |
| 分册: | ||
| 出版信息: | 北京 经济科学出版社 2007.08 |
|
| 页数: | 312页 | |
| 开本: | 23cm | |
| 丛书名: | ||
| 单 册: | ||
| 中图分类: | C93 | |
| 科图分类: | ||
| 主题词: | 管理学--guan li xue--高等学校--教材 | |
| 电子资源: | ||
| ISBN: | 978-7-5058-6403-0 | |
| 000 | 00882nam0 2200265 450 | |
| 001 | 012008111023 | |
| 005 | 20080419105750.18 | |
| 010 | @a978-7-5058-6403-0@dCNY29.00 | |
| 100 | @a20080419d2007 em y0chiy0120 ea | |
| 101 | 0 | @achi |
| 102 | @aCN@b110000 | |
| 105 | @ay a 000yy | |
| 106 | @ar | |
| 200 | 1 | @a管理学@Aguan li xue@f宋玉可, 吴珊瑚主编@Fsong yu ke,wu shan hu zhu bian |
| 210 | @a北京@c经济科学出版社@d2007.08 | |
| 215 | @a312页@d23cm | |
| 300 | @a高等院校经济管理学科规划教材 | |
| 320 | @a有书目 (第311-312页) | |
| 330 | @a本书分七章内容,主要包括:绪论、管理思想的演变、决策、计划、组织、领导、控制等内容。是高等院校经济管理学科规划教材。 | |
| 606 | 0 | @a管理学@Aguan li xue@x高等学校@j教材 |
| 690 | @aC93@v4 | |
| 701 | 0 | @a宋玉可@Asong yu ke@4主编 |
| 701 | 0 | @a吴珊瑚@Awu shan hu@4主编 |
| 801 | 0 | @aCN@bQSSK@c20080419 |
| 905 | @b293472-74@dC93@eS786@f3 | |
| 管理学/宋玉可, 吴珊瑚主编.-北京:经济科学出版社,2007.08 |
| 312页;23cm |
| 高等院校经济管理学科规划教材 |
| ISBN 978-7-5058-6403-0:CNY29.00 |
| 本书分七章内容,主要包括:绪论、管理思想的演变、决策、计划、组织、领导、控制等内容。是高等院校经济管理学科规划教材。 |
| ● |
| 相关链接 |
|
|
|
正题名:管理学
索取号:C93/S786
 
预约/预借
| 序号 | 登录号 | 条形码 | 馆藏地/架位号 | 状态 | 备注 |
| 1 | 293472 | 202934726 | 社科库509/509社科库 63排6列6层/ [索取号:C93/S786] | 在馆 | |
| 2 | 293473 | 202934735 | 社科库509/509社科库 63排6列6层/ [索取号:C93/S786] | 在馆 | |
| 3 | 293474 | 202934744 | 社科库509/509社科库 63排6列6层/ [索取号:C93/S786] | 在馆 |